Rādhānātha smaraṇikā. (Record no. 82717)

MARC details
000 -LEADER
fixed length control field 00655cam a22002531 4500
001 - CONTROL NUMBER
control field sa 68009103
003 - CONTROL NUMBER IDENTIFIER
control field DLC
005 - DATE AND TIME OF LATEST TRANSACTION
control field 20260227112540.0
008 - FIXED-LENGTH DATA ELEMENTS--GENERAL INFORMATION
fixed length control field 940831s1967 ii 000 0 orio
010 ## - LIBRARY OF CONGRESS CONTROL NUMBER
LC control number sa 68009103
025 ## - OVERSEAS ACQUISITION NUMBER
Overseas acquisition number PL480:I-O-914
035 ## - SYSTEM CONTROL NUMBER
System control number (OCoLC)31039419
040 ## - CATALOGING SOURCE
Original cataloging agency DLC
Transcribing agency CU
Modifying agency CU
-- DLC
042 ## - AUTHENTICATION CODE
Authentication code premarc
050 00 - LIBRARY OF CONGRESS CALL NUMBER
Classification number PK2579.M24
Item number R3
100 1# - MAIN ENTRY--PERSONAL NAME
Personal name Mahani, Pradyumna Kumara.
245 10 - TITLE STATEMENT
Title Rādhānātha smaraṇikā.
260 ## - PUBLICATION, DISTRIBUTION, ETC.
Date of publication, distribution, etc. [1967]
300 ## - PHYSICAL DESCRIPTION
Extent 3, 4, 75 p.
Dimensions 19 cm.
500 ## - GENERAL NOTE
General note In Oriya.
500 ## - GENERAL NOTE
General note Poems.
600 10 - SUBJECT ADDED ENTRY--PERSONAL NAME
Personal name Roy, Radhanath,
Dates associated with a name 1848-1908,
General subdivision In literature.
700 1# - ADDED ENTRY--PERSONAL NAME
Personal name Roy, Radhanath,
Dates associated with a name 1848-1908.

No items available.

Powered by Koha